Les gommes / (Record no. 124164)
[ view plain ]
| 000 -LEADER | |
|---|---|
| fixed length control field | 00610mam a2200229 a 4500 |
| 001 - CONTROL NUMBER | |
| control field | 2328474 |
| 003 - CONTROL NUMBER IDENTIFIER | |
| control field | ARRUPE |
| 005 - DATE AND TIME OF LATEST TRANSACTION | |
| control field | 20160211150551.0 |
| 008 - FIXED-LENGTH DATA ELEMENTS--GENERAL INFORMATION | |
| fixed length control field | 970409t19941953fr 000 1 fre d |
| 020 ## - INTERNATIONAL STANDARD BOOK NUMBER | |
| International Standard Book Number | 2707302562 |
| 035 ## - SYSTEM CONTROL NUMBER | |
| System control number | (OCoLC)ocm36706907 |
| 035 ## - SYSTEM CONTROL NUMBER | |
| System control number | (NNC)2328474 |
| 040 ## - CATALOGING SOURCE | |
| Original cataloging agency | FIL |
| Language of cataloging | fre |
| Transcribing agency | FIL |
| 050 ## - LIBRARY OF CONGRESS CALL NUMBER | |
| Classification number | PQ2635.O117 |
| Item number | G6 |
| 092 ## - LOCALLY ASSIGNED DEWEY CALL NUMBER (OCLC) | |
| Classification number | 843.9 |
| Filing suffix | ROB |
| 300 ## - PHYSICAL DESCRIPTION | |
| Dimensions | 19 cm. |
| 100 1# - MAIN ENTRY--PERSONAL NAME | |
| Personal name | Robbe-Grillet, Alain, |
| Dates associated with a name | 1922-2008. |
| 9 (RLIN) | 22268 |
| 245 14 - TITLE STATEMENT | |
| Title | Les gommes / |
| Statement of responsibility, etc | by Alain Robbe-Grillet. |
| 260 ## - PUBLICATION, DISTRIBUTION, ETC. (IMPRINT) | |
| Place of publication, distribution, etc | Paris : |
| Name of publisher, distributor, etc | Les Editions de Minuit, |
| Date of publication, distribution, etc | 1973 |
| 300 ## - PHYSICAL DESCRIPTION | |
| Extent | 264 p. ; |
| 942 ## - ADDED ENTRY ELEMENTS (KOHA) | |
| Source of classification or shelving scheme | Library of Congress Classification |
| Koha item type | Monograph ( Printed materials) |
| Withdrawn status | Lost status | Source of classification or shelving scheme | Damaged status | Not for loan | Collection code | Home library | Current library | Shelving location | Date acquired | Total Checkouts | Full call number | Barcode | Date last seen | Price effective from | Koha item type |
|---|---|---|---|---|---|---|---|---|---|---|---|---|---|---|---|
| Library of Congress Classification | Main Collection | ARRUPE LIBRARY | ARRUPE LIBRARY | Main Collection | 11/02/2016 | PQ2635.O117G6 | 46500006809 | 26/03/2019 | 11/02/2016 | Monograph ( Printed materials) |